コナン映画タイトルの漢字の読み方 - Statistics

General Stats
  • This quiz has been taken 3,234 times
  • The average score is 11 of 16
Answer Stats
漢字 読み % Correct
狙撃手 スナイパー
94%
魚影 サブマリン
89%
悪夢 ナイトメア
85%
鎮魂歌 レクイエム
84%
恋歌 ラブレター
83%
フィスト
82%
標的 ターゲット
82%
奇術師 マジシャン
73%
追跡者 チェイサー
72%
十字路 クロスロード
72%
15分 クォーター
63%
難破船 ロストシップ
60%
楽譜 フルスコア
47%
陰謀 ストラテジー
40%
探偵 プライベートアイ
39%
ジョリーロジャー
38%
No matching quizzes found
Score Distribution
Percent of People with Each Score
Percentile by Number Answered
Your Score History
You have not taken this quiz